| 000 | 00734cam a2200229 4500 | ||
|---|---|---|---|
| 001 | ABS62473 | ||
| 008 | 000000n2000 000 0 eng u | ||
| 035 | _a(Sirsi) u106412 | ||
| 100 | _aBarry, D. | ||
| 245 | _aRisk management: criteria and standards | ||
| 260 | _c2000 | ||
| 490 |
_aWaste Management _v May 2000, 32-33(2) |
||
| 520 | _aLooks at the issues involved in accurately identifying and measuring the nature and scale of hazards in the context of contaminated land. | ||
| 590 | _aABS | ||
| 650 | _aCONTAMINATED LAND | ||
| 650 | _aCONTAMINATION REMEDIATION | ||
| 650 | _aCONTAMINATION RISKS | ||
| 650 | _aCONTAMINATION HAZARDS | ||
| 650 | _aRISK MANAGEMENT | ||
| 690 | _aENVIRONMENT-CONTAMINATION | ||
| 942 | _n0 | ||
| 999 |
_c63735 _d63735 |
||